000 01667ntm a22006017a 4500
005 20250602183619.0
008 170308b2015 xxu||||| |||| 00| 0 spa d
020 _a9789875171466
041 _aESP
082 _a614.1 C255t
100 _aCaputi, Eugenio M.
_940984
245 _aTanatología forense
260 _aArgentina
260 _bLa Rocca
260 _c2015
300 _a610 páginas
650 _aTANATOLOGÍA FORENSE
650 _aMUERTE
650 _aMUERTE CLÍNICA
650 _aMUERTE NATURAL
650 _aMUERTE VIOLENTA
650 _aMUERTE DUDOSA
650 _aTRANSFORMACIONES CADAVÉRICAS
650 _aRIGIDEZ CADAVÉRICA (RIGOR MORTIS)
650 _aESPASMO CADAVÉRICO
650 _aLIVIDECES CADAVÉRICAS (LIVOR MORTIS)
650 _aENFRIAMIENTO CADAVÉRICO (ALGOR MORTIS)
650 _aPUTREFACCIÓN CADAVÉRICA
650 _aCONSERVADORES CADAVÉRICOS
650 _aEMBALSAMAMIENTO
650 _aLUGAR DEL HECHO (LEVÉE DU CORPS)
650 _aCADENA DE CUSTODIA
650 _aAUTOPSIAS FORENSES
650 _aAUTOPSIA MATERNA
650 _aAUTOPSIA PERINATAL
650 _aAUTOPSIA PEDIÁTRICA
650 _aAUTOPSIA HOSPITALARIA
650 _aESTUDIO DE LA PLACENTA
650 _aENTOMOLOGÍA FORENSE
650 _aTANATOQUÍMICA
650 _aTRANSTORNOS METABÓLICOS
650 _aTRAUMATISMOS
650 _aINTOXICACIONES
650 _aPATOLOGÍAS ORGÁNICAS
650 _aCERTIFICADO DE DEFUNCIÓN
650 _aINHUMACIÓN
650 _aEXHUMACIÓN
650 _aCREMACIÓN
650 _aSUICIDIO
650 _aEUTANASIA
942 _cBK
_2ddc
999 _c8985
_d8985